10 villes réputées pour leurs spécialités gourmandes - Statistiques

Statistiques générales
  • Ce quiz a été pris 114 fois
  • Le résultat moyen est 7 sur 10
Statistiques - réponses
Hint Réponse % Correct
Dijon moutarde
98%
Espelette piment
97%
Bayonne jambon
94%
Saint-Émilion vin
81%
Montélimar nougat
73%
Le Mans rillettes
73%
Ambert fourme
62%
Neufchâtel-en-Bray fromage
56%
Aix-en-Provence calissons
43%
Reims biscuits roses
14%
Aucun quiz correspondant
Distribution des résultats
% des personnes avec chaque résultat
Percentile par nombre de réponses
Votre historique - résultats
Vous n’avez pas pris ce quiz